| 000 | 00867nam a2200253 a 4500 | ||
|---|---|---|---|
| 003 | OSt | ||
| 005 | 20131003184048.0 | ||
| 008 | 131003s2011 ag ||||| |||| 00| 0 spa d | ||
| 020 | _a978-987-26040-2-8 | ||
| 040 | _cBiblioteca Medicina | ||
| 041 | _aspa | ||
| 082 | _bVARIOS 0388 | ||
| 110 |
_aCatolicas por el Derecho a Decidir _92657 |
||
| 245 | 0 | 0 | _aSeminario de Acceso a la Justicia Reproductiva |
| 250 | _a1ยบ ed. | ||
| 260 |
_aBuenos Aires _bCatolicas por el Derecho a Decidir; Instituto de Genero, Derecho y Desarrollo, Union Europea _c2011 |
||
| 300 | _a136 p. | ||
| 653 | _aSALUD REPRODUCTIVA-DERECHOS | ||
| 653 | _aABORTO-LEGISLACION | ||
| 653 | _aSALUD REPRODUCTIVA-LEGISLACION | ||
| 653 | _aMORTALIDAD MATERNA-ARGENTINA | ||
| 942 |
_2ddc _cPH |
||
| 999 |
_c1735 _d1735 |
||
| 952 |
_40 _00 _bBFM _10 _oVARIOS 0388 _d2013-10-03 _tEj. 1 _8NFIC _70 _cCR _2ddc _yPH _aBFM |
||